Nazwij miasto po najdłuższej ulicy. - Statystyki

Ogólne statystyki
  • Ten quiz został rozwiązany 18 razy
  • Średni wynik to 11 z 15
Statystyki odpowiedzi
Ulica Miasto % Poprawnych
Kartuska Gdańsk
100%
Kościuszki Katowice
100%
Długa Kraków
100%
Piotrkowska Łódź
100%
Wał Miedzeszyński Warszawa
100%
Osobowicka Wrocław
100%
Morska Gdynia
93%
Al. Solidarności Lublin
93%
Al. Wojska Polskiego Szczecin
93%
Dąbrowskiego Poznań
86%
Krakowska Rzeszów
79%
Tarnogórska Gliwice
57%
Droga do Olszy Zakopane
29%
Zwycięstwa Opatowiec
7%
Legionów Zamość
0%
Nie znaleziono quizów pasujących do podanych kryteriów
Rozkład punktacji
Procent ludzi z każdym wynikiem
Percentyl według liczby udzielonych odpowiedzi
Twoja historia wyników
Nie rozwiązałeś tego quizu